[Event "AUTO-OPEN-878"]
[Site "http://www.queenalice.com/game.php?id=374477"]
[Date "2008.3.21"]
[Round "2"]
[White "Soncini"]
[Black "jamescow"]
[Result "1/2-1/2"]
[WhiteElo "2105"]
[BlackElo "1960"]

1. f4 e6 2. Nf3 d5 3. e3 Nf6 4. Be2 c5 5. O-O Nc6 6. d4 Be7 7. c3 O-O 8. Bd3 Bd7
9. Nbd2 Rc8 10. Ne5 cxd4 11. exd4 a6 12. g4 h6 13. Ndf3 Nxe5 14. Nxe5 Bb5 15.
Bxb5 axb5 16. Qf3 Ne4 17. Be3 Bh4 18. f5 exf5 19. Qxf5 Qf6 20. Qxf6 Bxf6 21. Nd7
Rfe8 22. Bf2 Rc7 23. Nxf6+ Nxf6 24. h3 Re2 25. Bg3 Rce7 26. Rfe1 Rxe1+ 27. Rxe1
Rxe1+ 28. Bxe1 Ne4 29. Kg2 Kh7 30. Kf3 g5 31. b3 Nf6 32. Ke3 Kg6 33. Kd3 h5 34.
c4 hxg4 35. hxg4 Nxg4 36. cxb5 f5 37. a4 Nf6 38. a5 Ne8 39. a6 bxa6 40. bxa6 Nc7
41. a7 f4 42. b4 g4 43. b5 Na8 44. Ke2 Kf5 45. Ba5 Ke4 46. Kf2 g3+ 47. Kg2 Ke3
48. b6 f3+ 49. Kxg3 f2 50. b7 f1=Q 51. b8=Q Qf3+ 52. Kh4 Qe4+ 53. Kg5 Qxd4 54.
Qxa8 Qe5+ 55. Kg6 Qe6+ 56. Kg5 Qe5+ 57. Kg6 Qe6+ 1/2-1/2

[Event "AUTO-OPEN-878"]
[Site "http://www.queenalice.com/game.php?id=374478"]
[Date "2008.3.21"]
[Round "2"]
[White "jamescow"]
[Black "brainiac"]
[Result "0-1"]
[WhiteElo "1956"]
[BlackElo "1994"]

1. e4 e5 2. Nf3 d6 3. d4 exd4 4. Qxd4 Nc6 5. Bb5 a6 6. Bxc6+ bxc6 7. Qc4 c5 8.
Ng5 Nh6 9. Nc3 c6 10. Bf4 Be7 11. h4 Qb6 12. Na4 Qb5 13. b3 Qxc4 14. bxc4 f6 15.
Nf3 Ng4 16. Rb1 Be6 17. Nd2 g5 18. hxg5 fxg5 19. Bg3 h5 20. Ke2 h4 21. f3 O-O-O
22. Bf2 Ne5 23. Nb6+ Kc7 24. Rb2 Rb8 25. Rhb1 Bf6 26. Rb3 Ng6 27. Kf1 h3 28.
gxh3 Bxh3+ 29. Kg1 Nf4 30. Nd5+ cxd5 31. Rxb8 Rxb8 32. Rxb8 Kxb8 33. exd5 Bf5
34. Be3 Ne2+ 35. Kf2 Nc3 36. a3 Nd1+ 37. Ke2 Bxc2 38. Ne4 Bxe4 39. fxe4 Nb2 40.
Kf3 Nxc4 41. Bc1 Ne5+ 42. Ke3 g4 43. a4 Bg5+ 0-1

[Event "AUTO-OPEN-878"]
[Site "http://www.queenalice.com/game.php?id=374479"]
[Date "2008.3.21"]
[Round "2"]
[White "brainiac"]
[Black "jamescow"]
[Result "1-0"]
[WhiteElo "1978"]
[BlackElo "1972"]

1. e4 e5 2. Nf3 Nc6 3. Nc3 Nf6 4. Bc4 Bc5 5. d3 O-O 6. O-O d6 7. Bd2 Bg4 8. Na4
Nd4 9. Nxc5 dxc5 10. c3 Nxf3+ 11. gxf3 Bh3 12. Re1 Nh5 13. Be3 Qf6 14. Kh1 Nf4
15. Bxf4 Qxf4 16. Rg1 Rad8 17. Rg3 Bd7 18. Qb3 b6 19. Rag1 Qf6 20. Rxg7+ Qxg7
21. Rxg7+ Kxg7 22. Qd1 Rg8 23. f4 b5 24. Qh5 bxc4 25. Qg5+ Kf8 26. Qxd8+ Be8 27.
fxe5 cxd3 28. Qxd3 Ke7 29. Qd5 Rg5 30. Qxc5+ Kd8 31. Qxa7 Bc6 32. Qb8+ Kd7 33.
f3 Rxe5 34. Qh8 Rh5 35. Qf6 Ra5 36. Qxf7+ Kc8 37. Qxh7 Kb7 38. Qg8 Re5 39. h4
Rh5 40. Qd8 Rh7 41. Qg5 Rd7 42. h5 1-0

[Event "hawaiian punch"]
[Site "http://www.queenalice.com/game.php?id=394318"]
[Date "2008.4.27"]
[Round "-"]
[White "saraquette"]
[Black "jamescow"]
[Result "0-1"]
[WhiteElo "1742"]
[BlackElo "1967"]

1. d4 d5 2. Nf3 e6 3. a3 Nf6 4. h3 Be7 5. Bf4 O-O 6. e3 c5 7. c4 Nc6 8. Nc3 a6
9. Ne5 Bd6 10. Nxc6 bxc6 11. Bg5 h6 12. Bh4 g5 13. dxc5 Be5 14. Bg3 Bxg3 15.
fxg3 Qc7 16. Qf3 Qe5 17. Na4 Ne4 18. cxd5 exd5 19. Be2 Nxg3 20. Rg1 Re8 21. Kf2
Ne4+ 22. Ke1 Ng3 23. Kf2 Ne4+ 24. Ke1 d4 25. Rd1 dxe3 26. Qxe3 Ng3 27. Qxe5 Rxe5
28. Rd2 Be6 29. Nc3 Bc4 30. Kd1 Bb3+ 31. Kc1 Nxe2+ 32. Rxe2 Rae8 33. Rge1 Rxe2
34. Rxe2 Rxe2 35. Nxe2 Bd5 36. g3 Kg7 37. Kd2 Kf6 38. Nd4 Ke5 39. Ke3 f5 40. Nc2
Bg2 41. h4 gxh4 42. gxh4 f4+ 43. Kf2 Be4 44. Nb4 a5 45. Na2 Kd4 46. Nc3 Bd3 47.
Kf3 Kxc5 48. Kxf4 Kc4 49. Ke5 Kb3 50. Kd6 Kxb2 51. Nd1+ Kxa3 52. Kxc6 Kb3 53.
Ne3 a4 54. Nd5 a3 55. Nf4 Be4+ 56. Kc5 a2 0-1

[Event "Challenge"]
[Site "http://www.queenalice.com/game.php?id=401801"]
[Date "2008.5.12"]
[Round "-"]
[White "paddymalonespub"]
[Black "jamescow"]
[Result "0-1"]
[WhiteElo "1707"]
[BlackElo "1966"]

1. e4 e5 2. Nf3 Nc6 3. d3 Nf6 4. Bg5 Be7 5. Nc3 O-O 6. Bxf6 Bxf6 7. Be2 d6 8.
O-O Bg4 9. Nd5 Be6 10. Ne3 Ne7 11. d4 Ng6 12. d5 Bd7 13. Nd2 Nf4 14. Nf5 Bxf5
15. exf5 Nxd5 16. Ne4 Nf4 17. Bg4 d5 18. Nc5 b6 19. Nd3 Nxd3 20. Qxd3 e4 21. Qe3
Bxb2 22. Rab1 Bf6 23. Rb5 c6 24. Rbb1 Qd6 25. Rfd1 Qe5 26. c4 d4 27. Qb3 Qf4 28.
h3 c5 29. a4 d3 30. f3 Rad8 31. fxe4 Qxe4 32. Re1 Qd4+ 33. Kh1 d2 34. Rf1 Rfe8
35. Kh2 Qc3 36. Qb5 Re1 37. Rd1 Be5+ 38. Kg1 Qe3+ 39. Kh1 Qf2 0-1

[Event "AUTO-ADV-909"]
[Site "http://www.queenalice.com/game.php?id=402950"]
[Date "2008.5.14"]
[Round "1"]
[White "reginaldox"]
[Black "jamescow"]
[Result "0-1"]
[WhiteElo "1702"]
[BlackElo "1951"]

1. b4 Nf6 2. Bb2 e6 3. b5 b6 4. e4 Nxe4 5. d3 Nf6 6. Nf3 g6 7. Be2 Bg7 8. g4 O-O
9. g5 Nd5 10. Bxg7 Kxg7 11. c4 Nf4 12. h4 Bb7 13. Nbd2 d5 14. Rh2 Qd6 15. d4 Nd7
16. Rc1 e5 17. dxe5 Nxe5 18. Kf1 Ng4 19. Rh1 Qc5 20. Qe1 Rfe8 21. Nb3 Qe7 22.
Qc3+ Kg8 23. Nbd4 Nxe2 24. Nxe2 Qxe2+ 0-1

[Event "AUTO-ADV-909"]
[Site "http://www.queenalice.com/game.php?id=402951"]
[Date "2008.5.14"]
[Round "1"]
[White "jamescow"]
[Black "reginaldox"]
[Result "1-0"]
[WhiteElo "1942"]
[BlackElo "1766"]

1. e4 c5 2. Nf3 d6 3. d4 Nf6 4. Nc3 cxd4 5. Nxd4 a6 6. Be2 e5 7. Nb3 Be7 8. O-O
O-O 9. Be3 Be6 10. f4 Nbd7 11. f5 Bxb3 12. axb3 Qc7 13. Kh1 Rad8 14. g4 Nc5 15.
Bf3 b5 16. g5 Nfd7 17. Nd5 Nb6 18. Nxc7 1-0

[Event "Let's Play Chess!"]
[Site "http://www.queenalice.com/game.php?id=425350"]
[Date "2008.6.30"]
[Round "-"]
[White "jamescow"]
[Black "Strogonoff"]
[Result "1-0"]
[WhiteElo "1984"]
[BlackElo "1897"]

1. e4 e5 2. Nf3 Nc6 3. Bb5 d6 4. d4 exd4 5. Nxd4 Ne7 6. O-O Bd7 7. Nc3 Nxd4 8.
Bxd7+ Qxd7 9. Qxd4 Nc6 10. Qd1 g6 11. Nd5 Bg7 12. f4 O-O-O 13. Rb1 Ne7 14. Be3
c6 15. Nxe7+ Qxe7 16. Bxa7 Qxe4 17. Bb6 Rd7 18. Qd2 c5 19. Qa5 Re7 20. Rbe1 Qd4+
21. Kh1 Rxe1 22. Rxe1 Qxb2 23. Qa8+ 1-0

[Event "Let's Play Chess!"]
[Site "http://www.queenalice.com/game.php?id=425351"]
[Date "2008.6.30"]
[Round "-"]
[White "Strogonoff"]
[Black "jamescow"]
[Result "1/2-1/2"]
[WhiteElo "1865"]
[BlackElo "1997"]

1. e4 e5 2. Nf3 Nc6 3. Bc4 Be7 4. d4 d6 5. d5 Nb8 6. O-O Nf6 7. Nc3 O-O 8. Bg5
Bg4 9. h3 Bh5 10. Be2 Nbd7 11. Nh4 Bg6 12. Nxg6 fxg6 13. Bg4 Nxg4 14. Bxe7 Qxe7
15. Qxg4 Nf6 16. Qh4 Rf7 17. Ne2 Nh5 18. Qg4 Nf4 19. Nxf4 Rxf4 20. Qe2 Raf8 21.
f3 Qg5 22. Qe3 h5 23. Kh2 h4 24. c4 b6 25. b4 Rb8 26. a4 a5 27. b5 Qg3+ 28. Kh1
Rf7 29. Rf2 1/2-1/2

[Event "AUTO-ADV-731"]
[Site "http://www.queenalice.com/game.php?id=434425"]
[Date "2008.7.17"]
[Round "2"]
[White "jamescow"]
[Black "dwright"]
[Result "0-1"]
[WhiteElo "1873"]
[BlackElo "1988"]

1. e4 c6 2. d4 d5 3. Nc3 dxe4 4. Nxe4 Bf5 5. Ng3 Bg6 6. Nf3 Nf6 7. h4 h6 8. Ne5
Bh7 9. Bc4 e6 10. Qe2 Nd5 11. Bb3 Bd6 12. Nh5 Bb4+ 13. Kf1 Rg8 14. Qg4 Nf6 0-1

[Event "AUTO-ADV-731"]
[Site "http://www.queenalice.com/game.php?id=434426"]
[Date "2008.7.17"]
[Round "2"]
[White "dwright"]
[Black "jamescow"]
[Result "1-0"]
[WhiteElo "1976"]
[BlackElo "1885"]

1. d4 d5 2. c4 Nf6 3. Nf3 e6 4. g3 Be7 5. Bg2 O-O 6. O-O c6 7. Qc2 Ne4 8. Nbd2
Nd7 9. Nxe4 dxe4 10. Qxe4 f6 11. Qxe6+ Kh8 12. Qe4 Re8 13. Qd3 Bf8 14. Bd2 1-0

[Event "AUTO-OPEN-1004"]
[Site "http://www.queenalice.com/game.php?id=443775"]
[Date "2008.8.5"]
[Round "2"]
[White "josecastroman"]
[Black "jamescow"]
[Result "1-0"]
[WhiteElo "1959"]
[BlackElo "1899"]

1. e4 c6 2. Nf3 d5 3. h3 dxe4 4. Nh2 Nf6 5. Nc3 e5 6. Bc4 Bc5 7. Qe2 Qd4 8. b3
b5 9. Bxf7+ Kxf7 10. Bb2 Ba6 11. Nd1 Qd6 12. c4 bxc4 13. bxc4 Rd8 14. O-O 1-0

[Event "AUTO-OPEN-1004"]
[Site "http://www.queenalice.com/game.php?id=443776"]
[Date "2008.8.5"]
[Round "2"]
[White "jamescow"]
[Black "josecastroman"]
[Result "1-0"]
[WhiteElo "1974"]
[BlackElo "1903"]

1. e4 e5 2. Nf3 Nc6 3. Bb5 Qf6 4. O-O Bc5 5. c3 a6 6. Bxc6 dxc6 7. d4 Bd6 8. Bg5
Qe6 9. dxe5 Be7 10. Qd4 Bd7 11. Nbd2 O-O-O 12. Qa7 Be8 13. Nb3 1-0